Only The Poets - Looking At You (all lyrics) - Statistics

General Stats
  • This quiz has been taken 24 times
  • The average score is 333 of 400
Answer Stats
Answer % Correct
a
100%
A
100%
at
100%
He
100%
heart
100%
him
100%
him (x9)
100%
I
100%
look
100%
my
100%
My
100%
the
100%
you
100%
You
100%
always
94%
But
94%
but
94%
can
94%
could
94%
in
94%
is
94%
looking
94%
me
94%
your
94%
back
88%
beat
88%
daydream
88%
die
88%
ever
88%
Every
88%
had
88%
head
88%
I'm
88%
it
88%
now
88%
to
88%
And
81%
and
81%
bed
81%
crumbling
81%
feel
81%
for
81%
get
81%
into
81%
know
81%
Oh
81%
oh
81%
so
81%
time
81%
We
81%
were
81%
around
75%
Begging
75%
between
75%
can't
75%
come
75%
don't
75%
happy
75%
just
75%
legs
75%
love
75%
more
75%
tail
75%
Wish
75%
with
75%
dark
69%
deep
69%
dying
69%
it's
69%
light
69%
little
69%
should
69%
skin
69%
still
69%
than
69%
truth
69%
turn
69%
under
69%
You'd
69%
apart
63%
dive
63%
flick
63%
over
63%
say
63%
switch
63%
tears
63%
that
63%
was
63%
you're
63%
both
56%
going
56%
like
56%
slowly
56%
why
56%
again
50%
friend
50%
good
50%
lies
50%
numb
50%
out
50%
pleased
50%
pretend
50%
Pretty
50%
said
50%
smile
50%
after's
44%
buzzing
44%
fake
44%
honestly
44%
not
44%
chilled
38%
tapping
38%
says
13%
Zoey
13%
Gasped
6%
No matching quizzes found
Score Distribution
Percent of People with Each Score
Percentile by Number Answered
Your Score History
You have not taken this quiz